000 01425cam a2200325 4500
008 040423n2003 000 0 eng u
020 _a1860816576
035 _a(Sirsi) u125935
041 _aeng
050 _a614.7
_c18
100 _aKukadia, Vina
245 _aControlling particles, vapour and noise pollution from construction sites
_bPart 4 materials handling, storage, stockpiles, spillage and disposal.
260 _aWatford
_bBRE
_c2003
300 _a4p.
_c300cm.
490 _aBRE Pollution Control Guide
_v4
520 _aThis guide is the fourth in a series intended to assist with the control of air pollution and noise emissions from construction sites. It sets out guidance on controlling pollutions emissions associated with handling materials, storage, spillage and disposal. Although techniques have not been validated under controlled conditions and therefore must be used with care, recommendations are drawn from cases where they have been found to be effective.
650 _aPOLLUTION
650 _aAIR POLLUTION
650 _aNOISE POLLUTION
650 _aCONSTRUCTION SITES
650 _aSTORAGE
650 _aSPILLAGES
650 _aDISPOSAL
690 _aBUILDING AND CONSTRUCTION-MANAGEMENT
700 _aUpton, Stuart
700 _aGrimwood, C.
710 _aBuilding Research Establishment
710 _aUnited Kingdom
_bDepartment of Trade and Industry
942 _n0
999 _c103513
_d103513